|
|
|
|
| LEADER |
00000nab a2200000 a 4500 |
| 001 |
vtls000060721 |
| 003 |
SK-MaSNL |
| 005 |
20260303025328.0 |
| 008 |
140328c1980 xo 0 slo |
| 015 |
|
|
|a SNBRB19rr/mm-uuuuu
|
| 035 |
|
|
|a CL0070821
|
| 040 |
|
|
|a SNKBUCL
|b slo
|c SNKBUCL
|e AACR2
|
| 041 |
0 |
|
|a slo
|
| 044 |
|
|
|a xo
|c SK
|
| 080 |
|
|
|a 674
|2 1981
|
| 100 |
1 |
|
|a Koberle, Milan
|4 aut
|9 623251
|
| 245 |
1 |
0 |
|a Trend sušenia dreva a vývoja sušiarní na rezivo
|c Milan Koberle
|
| 300 |
|
|
|b Obr. 21.
|
| 650 |
0 |
7 |
|a drevo
|2 snkbucl
|9 3560
|
| 650 |
0 |
7 |
|a sušiarne reziva
|2 snkbucl
|9 935044
|
| 655 |
|
7 |
|a články z novín a časopisov
|2 snkbucl
|9 267496
|
| 773 |
0 |
|
|t Drevo
|g Roč. 35, č. 4 (1980), s. 107-112
|
| 850 |
|
|
|a Slovenská národná knižnica v Martine
|a MTA001
|
| 852 |
|
|
|a SNK
|b KIS3GCP
|
| 958 |
|
|
|a RK
|
| 992 |
|
|
|a RBX
|
| 999 |
|
|
|c 1645721
|d 1647651
|